|
|
|
|
| LEADER |
00000naa2a2200000 4500 |
| 001 |
617081 |
| 005 |
20231101132936.0 |
| 035 |
|
|
|a (RuTPU)RU\TPU\conf\15385
|
| 035 |
|
|
|a RU\TPU\conf\15383
|
| 090 |
|
|
|a 617081
|
| 100 |
|
|
|a 20160212d2015 k y0rusy50 ca
|
| 101 |
0 |
|
|a rus
|
| 102 |
|
|
|a RU
|
| 105 |
|
|
|a y z 101zy
|
| 135 |
|
|
|a drgn ---uucaa
|
| 181 |
|
0 |
|a i
|
| 182 |
|
0 |
|a b
|
| 200 |
1 |
|
|a Методы и системы импульсного управления процессами сварки и наплавки
|f А. Ф. Князьков
|
| 203 |
|
|
|a Текст
|c электронный
|
| 225 |
1 |
|
|a Пленарное заседание
|
| 230 |
|
|
|a 1 компьютерный файл (pdf; 646 Kb)
|
| 300 |
|
|
|a Заглавие с титульного экрана
|
| 320 |
|
|
|a [Библиогр.: с. 25 (4 назв.)]
|
| 337 |
|
|
|a Adobe Reader
|
| 463 |
|
0 |
|0 (RuTPU)RU\TPU\conf\15313
|t Электромеханические преобразователи энергии
|o материалы VII Международной научно-технической конференции, 14-16 октября 2015 г., г. Томск
|f Российский фонд фундаментальных исследований (РФФИ) ; Томская область, Администрация ; Национальный исследовательский Томский политехнический университет (ТПУ)
|v [С. 19-25]
|d 2015
|
| 610 |
1 |
|
|a труды учёных ТПУ
|
| 610 |
1 |
|
|a электронный ресурс
|
| 610 |
1 |
|
|a импульсное управление
|
| 610 |
1 |
|
|a наплавка
|
| 610 |
1 |
|
|a электродуговая сварка
|
| 610 |
1 |
|
|a импульсное питание
|
| 610 |
1 |
|
|a магистральные трубопроводы
|
| 700 |
|
1 |
|a Князьков
|b А. Ф.
|c специалист в области сварки
|c доцент Томского политехнического университета, кандидат технических наук
|f 1939-
|g Анатолий Фёдорович
|2 stltpush
|3 (RuTPU)RU\TPU\pers\27411
|
| 712 |
0 |
2 |
|a Национальный исследовательский Томский политехнический университет (ТПУ)
|b Институт неразрушающего контроля (ИНК)
|b Кафедра оборудования и технологии сварочного производства (ОТСП)
|h 77
|2 stltpush
|3 (RuTPU)RU\TPU\col\18708
|
| 801 |
|
2 |
|a RU
|b 63413507
|c 20210224
|g RCR
|
| 856 |
4 |
|
|u http://earchive.tpu.ru/handle/11683/22219
|
| 856 |
4 |
|
|u http://www.lib.tpu.ru/fulltext/c/2015/C112/004.pdf
|
| 942 |
|
|
|c BK
|